000
00354nam a2200157Ia 4500
999
_c
32
_d
32
003
OSt
005
20200311044053.0
008
200302s9999 xx 000 0 und d
020
_a
9788176710015
100
_a
R. Barry
245
_a
The Construction of Buildings Vol 1
260
_b
Granada Publishing
260
_c
1969
300
_a
128 P.,
942
_2
ddc